Sports Quiz

Random Sports Quiz

זיהוי שחקנים לפי קריירה Quiz Stats

 Plays Quiz not verified by Sporcle

Support Sporcle.
Go Orange.
Score 0/15 Timer 05:00
0 Plays Today
הקבוצות השחקן % Correct
בני יהודה, מכבי ת'א, ריימס, מכבי חיפה, בית'ר ירושליםאלירן עטר
71.4%
מכבי פ'ת, בית'ר ירושלים, דילה גורי, הפועל ת'אלידור כהן
53.2%
כפר סבא, מכבי חיפה, הפועל ת'א, בית'ר ירושלים, ב'ש, אומוניה ניקוסיה, נתניהחן עזרא
40.2%
אשקלון, הרצליה, בני יהודה, עכו, סכנין, מכבי ת'א, ב'שמהראן ראדי
38.9%
בית'ר ירושלים, רעננה, הכח רמת גן, שרלרואה, ק'ש, מכבי ת'אאיתן טיבי
35.3%
ק'ש, לוגאנו, מכבי חיפה, מכבי פ'ת, נס ציונה, הפועל חיפהאופיר מזרחי
35%
מכבי פ'ת, נתניה, ב'ש, הפועל חיפה, הפועל פ'ת, הפועל ת'א, הונבד, חדרהרובי לבקוביץ'
29.8%
אשדוד, מריבור, בית'ר ירושלים, הפועל ת'א, מכבי פ'תאור אינברום
27.3%
הקבוצות השחקן % Correct
ק'ש, הפועל ת'א, עכו, מכבי פ'ת, נתניהדני עמוס
27.2%
אשדוד, ב'ש, בני יהודהניב זריהן
27.1%
הפועל פ'ת, קביליו יפו, הפועל רמת גן, בני יהודה, הפועל חיפהאלמוג בוזגלו
25.3%
הפועל ת'א, מכבי ת'א, ק'ש, בני יהודה, אשדודשגיב יחזקאל
22.1%
נתניה, הפועל ת'א, מכבי חיפה, ק'שאיאד אבו-עביד
12.1%
ק'ש, הפועל חיפה, עכו, הפועל פ'ת, אשקלון, עפולה, כפר סבאאדריאן רוצ'ט
9.4%
מכבי חיפה, סכנין, רעננה, בני יהודהעאיד חבשי
7.6%

You're not logged in!

Compare scores with friends on all Sporcle quizzes.
OR
Log In

From the Vault

Connecticut Cities

by adamm

How well do you know the fifth state?
Remove Ads.
Support Sporcle.
Get the best of Sporcle when you Go Orange. This ad-free experience offers more features, more stats, and more fun while also helping to support Sporcle. Thank you for becoming a member.

Show Comments

Extras

Created Jan 7, 2021ReportNominate

Top Quizzes Today


Score Distribution

Your Account Isn't Verified!

In order to create a playlist on Sporcle, you need to verify the email address you used during registration. Go to your Sporcle Settings to finish the process.

Report this User

Report this user for behavior that violates our Community Guidelines.

Details: